Đường thi tuyển dịch; T2
Сохранить в:
| Формат: | |
|---|---|
| Язык: | Undetermined |
| Опубликовано: |
Huế
Thuận Hóa
1997
|
| Предметы: | |
| Метки: |
Добавить метку
Нет меток, Требуется 1-ая метка записи!
|
| Thư viện lưu trữ: | Trung tâm Học liệu Trường Đại học Cần Thơ |
|---|
| LEADER | 00474nam a2200169Ia 4500 | ||
|---|---|---|---|
| 001 | CTU_39243 | ||
| 008 | 210402s9999 xx 000 0 und d | ||
| 020 | |b 85.000đ | ||
| 082 | |a 895.11 | ||
| 082 | |b Đ561/T2 | ||
| 245 | 0 | |a Đường thi tuyển dịch; T2 | |
| 260 | |a Huế | ||
| 260 | |b Thuận Hóa | ||
| 260 | |c 1997 | ||
| 650 | |a chinese poetry - collections,t'ang poems | ||
| 904 | |i Minh, 001103 | ||
| 980 | |a Trung tâm Học liệu Trường Đại học Cần Thơ | ||